Wine for sale: victoria wine and the liquor trade 1860-1984 (Record no. 56045)

MARC details
000 -LEADER
fixed length control field 00387nam a2200145Ia 4500
008 - FIXED-LENGTH DATA ELEMENTS--GENERAL INFORMATION
fixed length control field 230917s9999||||xx |||||||||||||| ||und||
040 ## - CATALOGING SOURCE
-- 60372
Original cataloging agency VIVEKANANDA LIBRARY
041 ## - Language
-- English
082 ## - DDC NUMBER
Classification number 380.1456632 B768W
100 ## - MAIN ENTRY--PERSONAL NAME
Personal name Briggs, Asa
245 #0 - TITLE STATEMENT
Title Wine for sale: victoria wine and the liquor trade 1860-1984
260 ## - PUBLICATION, DISTRIBUTION, ETC. (IMPRINT)
Place of publication, distribution, etc London
Name of publisher, distributor, etc B T Batsford
Date of publication, distribution, etc 1985
300 ## - PHYSICAL DESCRIPTION
Pages ix, 199 p.
942 ## - ADDED ENTRY ELEMENTS (KOHA)
Koha item type Books
Holdings
Withdrawn status Lost status Damaged status Not for loan Location (home branch) Sublocation or collection (holding branch) Date acquired Koha issues (times borrowed) Koha full call number Accession No. Koha date last seen Koha item type
        VIVEKANANDA LIBRARY VIVEKANANDA LIBRARY 01/01/2003   380.1456632 B768W 126029 17/09/2023 Books
© Designed and Maintained by Vivekananda Library, MDU Rohtak